| 000 | 00990cam a22002773a 4500 | ||
|---|---|---|---|
| 001 | 17505 | ||
| 003 | PGUSA | ||
| 005 | 20140828083355.0 | ||
| 008 | 060112s2006||||xxu|||||s|||||000 | eng d | ||
| 040 |
_aPGUSA _beng |
||
| 042 | _adc | ||
| 050 | 4 | _aPQ | |
| 100 | 1 |
_aGoncourt, Edmond de, _d1822-1896 |
|
| 245 | 1 | 0 |
_aJournal des Goncourt (Deuxième série, troisième volume) : _bMémoires de la vie littéraire _h[electronic resource] / _cEdmond de Goncourt |
| 260 |
_bProject Gutenberg, _c2006 |
||
| 506 | _aPublic domain in the USA. | ||
| 516 | _aElectronic text | ||
| 653 | _aNovelists, French -- 19th century -- Diaries | ||
| 653 | _aGoncourt, Jules de, 1830-1870 -- Diaries | ||
| 653 | _aGoncourt, Edmond de, 1822-1896 -- Diaries | ||
| 653 | _aParis (France) -- Intellectual life -- 19th century | ||
| 653 | _aParis (France) -- Social life and customs -- 19th century | ||
| 830 | 0 |
_aProject Gutenberg _v17505 |
|
| 856 | 4 | 0 | _uhttp://www.gutenberg.org/ebooks/17505 |
| 942 | _cEB | ||
| 999 |
_c246760 _d246760 |
||